000 00693nam a2200241Ia 4500
001 18283
003 GE_BSU
008 181216s||||||||xx |||||||||||||| ||und||
020 _a9789941075773
040 _cGE_BSU
080 _a336.01(075.8)
100 _aვანიშვილი,მ., კაცაძე,ი.
245 _aფინანსები
245 _bსახელმძღვანელო
245 _cსამეცნ. რედ. ცაავა გ.
260 _aთბილისი
260 _bსპს დანი
260 _c2016
300 _a668გვ.21სმ.
541 _h33ლ.
653 _aფინანსები
942 _cBK
999 _c51314
_d51314